IFM Opac

Basic Finance: (Record no. 22152)

MARC details
000 -LEADER
fixed length control field 00401nam a22001457a 4500
020 ## - INTERNATIONAL STANDARD BOOK NUMBER
ISBN 978-0-357-71474-4
082 ## - DEWEY DECIMAL CLASSIFICATION NUMBER
Classification number 332.1
100 ## - MAIN ENTRY--AUTHOR NAME
Personal name Mayo, Herbert B.
245 ## - TITLE STATEMENT
Title Basic Finance:
Sub Title Introduction to Financial Institutions, Investments, and Management
250 ## - EDITION STATEMENT
Edition statement 13th
260 ## - PUBLICATION, DISTRIBUTION, ETC. (IMPRINT)
Place of publication Boston:
Name of publisher Cengage,
Year of publication 2024
300 ## - PHYSICAL DESCRIPTION
Number of Pages xii, 727p.: ill.; 25cm
700 ## - ADDED ENTRY--PERSONAL NAME
Personal name Lavelle, Michael J.
942 ## - ADDED ENTRY ELEMENTS (KOHA)
Koha item type Books
Holdings
Withdrawn status Lost status Damaged status Not for loan Collection code Permanent Location Current Location Shelving location Date acquired Source of acquisition Full call number Accession Number Price effective from Koha item type
        Non-fiction IFM Main Campus Library IFM Main Campus Library Work Room processing 01/14/2026 Purchased 332.1 MAY 0000030467 01/14/2026 Books
        Non-fiction IFM Main Campus Library IFM Main Campus Library Work Room processing 01/14/2026 Purchased 332.1 MAY 0000030466 01/14/2026 Books
        Non-fiction IFM Main Campus Library IFM Main Campus Library Work Room processing 01/14/2026 Purchased 332.1 MAY 0000030465 01/14/2026 Books